Zindan Nama \ (Record no. 527050)

000 -LEADER
fixed length control field 00456nam a22001817a 4500
003 - CONTROL NUMBER IDENTIFIER
control field NUST
020 ## - INTERNATIONAL STANDARD BOOK NUMBER
International Standard Book Number -
038 ## - RECORD CONTENT LICENSOR
Staff Name Zafar Malik
082 ## - DEWEY DECIMAL CLASSIFICATION NUMBER
Classification number 891.4391
Author Mark FAI
100 ## - MAIN ENTRY--PERSONAL NAME
Personal name Faiz Ahmed Faiz
9 (RLIN) 13462
245 ## - TITLE STATEMENT
Title Zindan Nama \
Statement of responsibility, etc. Faiz Ahmed Faiz
260 ## - PUBLICATION, DISTRIBUTION, ETC.
Place of publication, distribution, etc. Lahore :
Name of publisher, distributor, etc. Maktaba Karwan ;
Date of publication, distribution, etc. 1973.
300 ## - PHYSICAL DESCRIPTION
Extent 152 p. ;
500 ## - GENERAL NOTE
General note Hardcover
880 ## - ALTERNATE GRAPHIC REPRESENTATION
Linkage 100-02\r
Title فیض احمد فیض
880 ## - ALTERNATE GRAPHIC REPRESENTATION
Linkage 245-02\r
Title زندان نامہ
942 ## - ADDED ENTRY ELEMENTS (KOHA)
Source of classification or shelving scheme
Koha item type Book
Holdings
Withdrawn status Lost status Source of classification or shelving scheme Damaged status Not for loan Permanent Location Current Location Shelving location Date acquired Total Checkouts Full call number Barcode Date last seen Date last checked out Price effective from Koha item type
          Central Library (CL) Central Library (CL) Urdu Literature 07/18/2019 1 891.4391 FAI CL-E-919 06/01/2024 02/19/2024 07/18/2019 Book
© 2023 Central Library, National University of Sciences and Technology. All Rights Reserved.